000 00321nam a2200121Ia 4500
008 230907s9999||||xx |||||||||||||| ||und||
082 _a333.79
_bPOW
100 _aPowers, Louis W.
_9115344
245 4 _aThe world energy dilemma /
260 _aPennWell,
_bTulsa, Okla. :
_c2012
300 _axxiii, 306 p. :
942 _cBK
999 _c598192
_d598192